| 000 | 01188njm a22002897a 4500 | ||
|---|---|---|---|
| 005 | 20100918120820.0 | ||
| 007 | sd ammalaaahaa | ||
| 008 | 100918t xxu||||| |||| 00| 0 hin d | ||
| 028 |
_aIND. 1094 _bCBS |
||
| 035 | _aGR-03668 | ||
| 040 | _aSED/VEN | ||
| 100 |
_920657 _aJanaki, S. |
||
| 245 |
_aJohn jaani janardan : _h[sound recording] : _ban original soundtrack recording / _cby S. Janaki & S. P. Balasubramanium ; music by Laxmikant Pyarelal ; Anand Bakshi |
||
| 246 | _aजॉन जानी जनार्दन (शैलेन्द्र सिंह) | ||
| 260 |
_aDum Dum India _bCBS _c1984 |
||
| 300 |
_a1 sound disc [Gramophone record] : _banalog, 331/3 rpm _c12 in (LP) _fGramophone Record |
||
| 500 | _aBrief Record | ||
| 500 | _aCBS | ||
| 500 | _aOrange | ||
| 505 | _aChat mangani aur pat shaadi part 1 (S. Janaki) Tu meri jaan hai Part 2 (Shailendra Singh) | ||
| 650 |
_vFilmi Song _xExcerpts _zIndia _920658 _aClassical Music |
||
| 700 |
_920659 _aBalasubramanium, S. P. |
||
| 700 |
_920660 _aKaxmikant Pyarelal |
||
| 700 |
_920674 _aBakshi, Anand |
||
| 942 |
_2ddc _cGR |
||
| 999 |
_c46952 _d46952 |
||